00815cam a2200205 a 450000500170000000800410001704000250005804100080008308200190009110000380011024500750014826000900022330000290031365000270034265000280036965000110039794200150040899900170042395201690044020180803170212.0160115s19610000ck a 0 spa d aCO-BoPUJcCO-BoIAVH  aspa04a581.464bR76f21 aRomero Castaneda, Rafaeld - 197310aFrutas silvestres de Colombia:bvolúmen 2 /cRafael Romero Castaneda aBogotá:bUniversidad Nacional de Colombia. Instituto de Ciencias Naturales;c1969. avolumenes, 384 páginas24aFruticulturazColombia24aFrutasvClasificación24aFrutas 2ddccLIBRO c17983d17983 00102ddc40708FONDO RAMIIINV2017aBogotabBogotad2016-01-15eInstitutol0oFRO-581.464 R76f2p039535r2016-01-15 00:00:00tEj. 1w2016-01-15xDonaciónyLIBRO